00477nmm a2200169Ia 4500008004100000020001800041041000800059100002000067245004600087264005100133300001800184490001600202650001400218856005100232942000700283999001700290251105s9999||||xx |||||||||||||||||und|| a9788416170784 aspa aMuller, Alberto 0aChe Guevara : valgo más vivo que muerto a[Madrid, España] :bBiblioteca Nueva, c2014 a232 páginas aPretérita aBiography uhttps://public.digitaliapublishing.com/a/35470 cCF c77329d77329